<?xml version="1.0" encoding="UTF-8"?>
<record
    xmlns:xsi="http://www.w3.org/2001/XMLSchema-instance"
    xsi:schemaLocation="http://www.loc.gov/MARC21/slim http://www.loc.gov/standards/marcxml/schema/MARC21slim.xsd"
    xmlns="http://www.loc.gov/MARC21/slim">

  <leader>01553njm0a2200373   4500</leader>
  <controlfield tag="001">RU\NLR\ONIZ\196633</controlfield>
  <controlfield tag="005">20250708193235.0</controlfield>
  <datafield tag="035" ind1=" " ind2=" ">
    <subfield code="a">(NLR Aleph) 012672533</subfield>
  </datafield>
  <datafield tag="071" ind1="0" ind2="0">
    <subfield code="a">&#x414;-06841-2</subfield>
  </datafield>
  <datafield tag="090" ind1=" " ind2=" ">
    <subfield code="a">13284240</subfield>
    <subfield code="c">13284240</subfield>
  </datafield>
  <datafield tag="100" ind1=" " ind2=" ">
    <subfield code="a">20120321f19001999|||y0rusy50      ca</subfield>
  </datafield>
  <datafield tag="102" ind1=" " ind2=" ">
    <subfield code="a">RU</subfield>
  </datafield>
  <datafield tag="126" ind1=" " ind2=" ">
    <subfield code="a">abaxexu      ux</subfield>
    <subfield code="b">xxx</subfield>
  </datafield>
  <datafield tag="127" ind1=" " ind2=" ">
    <subfield code="a">000042</subfield>
  </datafield>
  <datafield tag="200" ind1="1" ind2=" ">
    <subfield code="a">&#x421;&#x43E;&#x43D;&#x430;&#x442;&#x430;</subfield>
    <subfield code="b">&#x417;&#x432;&#x443;&#x43A;&#x43E;&#x437;&#x430;&#x43F;&#x438;&#x441;&#x44C;</subfield>
    <subfield code="e">&#x441;&#x438; &#x43C;&#x438;&#x43D;.</subfield>
    <subfield code="f">&#x424;. &#x41B;&#x438;&#x441;&#x442;</subfield>
    <subfield code="g">&#x438;&#x441;&#x43F;&#x43E;&#x43B;&#x43D;. : &#x412;. &#x41A;&#x43B;&#x438;&#x431;&#x435;&#x440;&#x43D;, &#x444;&#x43F;.</subfield>
  </datafield>
  <datafield tag="210" ind1=" " ind2=" ">
    <subfield code="a">&#x41B;&#x435;&#x43D;&#x438;&#x43D;&#x433;&#x440;&#x430;&#x434;</subfield>
    <subfield code="c">&#x410;&#x43A;&#x43A;&#x43E;&#x440;&#x434;</subfield>
    <subfield code="d">[19--]</subfield>
  </datafield>
  <datafield tag="215" ind1=" " ind2=" ">
    <subfield code="a">1 &#x433;&#x440;&#x43F;. [&#x413;&#x41E;&#x421;&#x422; 5289-56] (42 &#x43C;&#x438;&#x43D;) : 33 &#x43E;&#x431;/&#x43C;&#x438;&#x43D;, &#x43C;&#x43E;&#x43D;&#x43E;</subfield>
    <subfield code="d">30 &#x441;&#x43C;, &#x432; &#x43A;&#x43E;&#x43D;&#x432;</subfield>
  </datafield>
  <datafield tag="300" ind1=" " ind2=" ">
    <subfield code="a">&#x417;&#x430;&#x43F;&#x438;&#x441;&#x44C; 1960 &#x433;.</subfield>
  </datafield>
  <datafield tag="606" ind1="1" ind2=" ">
    <subfield code="a">&#x421;&#x43E;&#x43D;&#x430;&#x442;&#x44B; &#x434;&#x43B;&#x44F; &#x444;&#x43E;&#x440;&#x442;&#x435;&#x43F;&#x438;&#x430;&#x43D;&#x43E;</subfield>
    <subfield code="y">&#x412;&#x435;&#x43D;&#x433;&#x440;&#x438;&#x44F;</subfield>
    <subfield code="z">19 &#x432;&#x435;&#x43A;</subfield>
    <subfield code="j">&#x417;&#x432;&#x443;&#x43A;&#x43E;&#x437;&#x430;&#x43F;&#x438;&#x441;&#x44C;</subfield>
    <subfield code="2">nlr_sh</subfield>
  </datafield>
  <datafield tag="606" ind1="1" ind2=" ">
    <subfield code="a">&#x41F;&#x438;&#x430;&#x43D;&#x438;&#x441;&#x442;&#x44B; &#x437;&#x430;&#x440;&#x443;&#x431;&#x435;&#x436;&#x43D;&#x44B;&#x435;</subfield>
    <subfield code="y">&#x421;&#x428;&#x410;</subfield>
    <subfield code="z">20 &#x432;&#x435;&#x43A;</subfield>
    <subfield code="2">nlr_sh</subfield>
  </datafield>
  <datafield tag="606" ind1="1" ind2=" ">
    <subfield code="a">&#x424;&#x43E;&#x440;&#x442;&#x435;&#x43F;&#x438;&#x430;&#x43D;&#x43D;&#x430;&#x44F; &#x43C;&#x443;&#x437;&#x44B;&#x43A;&#x430; &#x432;&#x435;&#x43D;&#x433;&#x435;&#x440;&#x441;&#x43A;&#x430;&#x44F;</subfield>
    <subfield code="z">19 &#x432;&#x435;&#x43A;</subfield>
    <subfield code="j">&#x417;&#x432;&#x443;&#x43A;&#x43E;&#x437;&#x430;&#x43F;&#x438;&#x441;&#x44C;</subfield>
    <subfield code="2">nlr_sh</subfield>
  </datafield>
  <datafield tag="686" ind1=" " ind2=" ">
    <subfield code="a">&#x429;954.2-041(4&#x412;&#x43D;)</subfield>
    <subfield code="v">LBC/SL</subfield>
    <subfield code="2">rubbk</subfield>
  </datafield>
  <datafield tag="700" ind1=" " ind2="1">
    <subfield code="9">z01790</subfield>
    <subfield code="a">&#x41B;&#x438;&#x441;&#x442;</subfield>
    <subfield code="b">&#x424;.</subfield>
    <subfield code="f">1811-1886</subfield>
    <subfield code="g">&#x424;&#x435;&#x440;&#x435;&#x43D;&#x446;</subfield>
    <subfield code="4">230</subfield>
    <subfield code="7">ca</subfield>
  </datafield>
  <datafield tag="702" ind1=" " ind2="1">
    <subfield code="9">z05790</subfield>
    <subfield code="a">&#x41A;&#x43B;&#x438;&#x431;&#x435;&#x440;&#x43D;</subfield>
    <subfield code="b">&#x412;.</subfield>
    <subfield code="c">&#x444;&#x43E;&#x440;&#x442;&#x435;&#x43F;&#x438;&#x430;&#x43D;&#x43E;</subfield>
    <subfield code="f">1934-2013</subfield>
    <subfield code="g">&#x412;&#x430;&#x43D;</subfield>
    <subfield code="4">590</subfield>
    <subfield code="4">kfp</subfield>
    <subfield code="7">ca</subfield>
  </datafield>
  <datafield tag="790" ind1=" " ind2="1">
    <subfield code="9">z01700</subfield>
    <subfield code="a">Liszt</subfield>
    <subfield code="b">F.</subfield>
    <subfield code="f">1811-1886</subfield>
    <subfield code="g">Ferenz</subfield>
    <subfield code="4">230</subfield>
    <subfield code="7">ba</subfield>
  </datafield>
  <datafield tag="790" ind1=" " ind2="1">
    <subfield code="9">z05702</subfield>
    <subfield code="a">Cliburn</subfield>
    <subfield code="b">V.</subfield>
    <subfield code="f">1934 -2013</subfield>
    <subfield code="g">Van</subfield>
    <subfield code="4">590</subfield>
    <subfield code="4">kfp</subfield>
    <subfield code="7">ba</subfield>
  </datafield>
  <datafield tag="801" ind1=" " ind2="0">
    <subfield code="a">RU</subfield>
    <subfield code="b">NLR</subfield>
    <subfield code="c">20120321</subfield>
    <subfield code="g">PSBO</subfield>
  </datafield>
  <datafield tag="801" ind1=" " ind2="1">
    <subfield code="a">RU</subfield>
    <subfield code="b">NLR</subfield>
    <subfield code="c">20120321</subfield>
    <subfield code="2">rusmarc</subfield>
  </datafield>
  <datafield tag="801" ind1=" " ind2="2">
    <subfield code="a">RU</subfield>
    <subfield code="b">NLR</subfield>
    <subfield code="c">20211003</subfield>
  </datafield>
  <datafield tag="852" ind1=" " ind2=" ">
    <subfield code="a">NLR</subfield>
    <subfield code="b">&#x41C;&#x433;</subfield>
    <subfield code="j">3/7800</subfield>
    <subfield code="p">35904</subfield>
    <subfield code="t">1</subfield>
  </datafield>
  <datafield tag="942" ind1=" " ind2=" ">
    <subfield code="c">REC</subfield>
  </datafield>
  <datafield tag="980" ind1=" " ind2=" ">
    <subfield code="a">NB</subfield>
  </datafield>
  <datafield tag="980" ind1=" " ind2=" ">
    <subfield code="a">ONIZ</subfield>
  </datafield>
  <datafield tag="995" ind1=" " ind2=" ">
    <subfield code="5">2012-03-21</subfield>
    <subfield code="b">NLR01</subfield>
    <subfield code="c">NLR01</subfield>
    <subfield code="e">ONIZ</subfield>
    <subfield code="k">3/7800 3/7800</subfield>
    <subfield code="o">0</subfield>
    <subfield code="r">REC</subfield>
    <subfield code="s">37800_37800</subfield>
  </datafield>
</record>
